Formule 1 - Saison 2024 - Statistiques

Statistiques générales
  • Ce quiz a été pris 186 fois
  • Le résultat moyen est 72 sur 96
Statistiques - réponses
Column name Réponse % Correct
Pilotes Charles Leclerc
98%
Pilotes Lewis Hamilton
98%
Pilotes Max Verstappen
98%
Pilotes Esteban Ocon
95%
Pilotes Lando Norris
95%
Pilotes Pierre Gasly
95%
Pilotes Carlos Sainz
94%
Pilotes Fernando Alonso
94%
Pilotes Oscar Piastri
94%
Pilotes Sergio Pérez
94%
Écuries Ferrari
93%
Écuries Mercedes
93%
Calendrier (Pays) Australie
92%
Écuries Red Bull
92%
Écuries Alpine
91%
Nationalité Britannique
90%
Nationalité Espagnol
90%
Nationalité Français
90%
Pilotes George Russell
90%
Écuries McLaren
90%
Pilotes Yuki Tsunoda
90%
Calendrier (Pays) Japon
89%
Écuries Aston Martin
88%
Pilotes Lance Stroll
88%
Nationalité Monégasque
88%
Calendrier (Pays) États-Unis
86%
Écuries Haas
86%
Pilotes Nico Hülkenberg
86%
Écuries Williams
86%
Nationalité Australien
85%
Nationalité Japonais
84%
Nationalité Mexicain
84%
Calendrier (Pays) Monaco
84%
Circuits Monaco
84%
Nationalité Néerlandais
84%
Pilotes Alexander Albon
83%
Pilotes Daniel Ricciardo
83%
Calendrier (Pays) Espagne
83%
Pilotes Guanyu Zhou
83%
Calendrier (Pays) Italie
83%
Pilotes Valtteri Bottas
83%
Pilotes Kevin Magnussen
82%
Écuries Kick Sauber
80%
Nationalité Allemand
78%
Calendrier (Pays) Bahreïn
78%
Calendrier (Pays) Belgique
78%
Nationalité Canadien
78%
Calendrier (Pays) Mexique
78%
Pilotes Oliver Bearman
78%
Calendrier (Pays) Brésil
77%
Calendrier (Pays) Chine
77%
Calendrier (Pays) Grande-Bretagne
77%
Pilotes Liam Lawson
77%
Calendrier (Pays) Pays-Bas
77%
Circuits Spa-Francorchamps
76%
Nationalité Chinois
75%
Nationalité Thaïlandais
75%
Écuries Visa Cash App Red Bull
75%
Calendrier (Pays) Canada
74%
Circuits Monza
73%
Nationalité Finlandais
72%
Calendrier (Pays) Qatar
72%
Pilotes Franco Colapinto
69%
Calendrier (Pays) Arabie Saoudite
68%
Pilotes Jack Doohan
68%
Nationalité Américain
67%
Pilotes Logan Sargeant
67%
Circuits Miami
67%
Circuits Las Vegas
66%
Calendrier (Pays) Autriche
63%
Nationalité Danois
63%
Circuits Silverstone
63%
Nationalité Argentin
62%
Circuits Catalunya
62%
Calendrier (Pays) Singapour
62%
Circuits Singapour
62%
Circuits Yas Marina
60%
Calendrier (Pays) Émirats arabes unis
59%
Calendrier (Pays) Hongrie
59%
Nationalité Néo-zélandais
59%
Circuits Albert Park
58%
Circuits Enzo e Dino Ferrari
58%
Circuits Interlagos
56%
Calendrier (Pays) Azerbaïdjan
55%
Circuits Suzuka
55%
Circuits Circuit of the Americas
53%
Circuits Zandvoort
51%
Circuits Jeddah
50%
Circuits Mexico City
50%
Circuits Gilles Villeneuve
47%
Circuits Red Bull Ring
46%
Circuits Shanghai
43%
Circuits Bakou
41%
Circuits Hungaroring
39%
Circuits Losail
38%
Circuits Sakhir
35%
Aucun quiz correspondant
Distribution des résultats
% des personnes avec chaque résultat
Percentile par nombre de réponses
Votre historique - résultats
Vous n’avez pas pris ce quiz